| 000 | 01073nam a2200289 i 4500 | ||
|---|---|---|---|
| 001 | bg | ||
| 100 | 1 |
_aBöll, Heinrich _d(1917-1985). |
|
| 245 | 1 | 0 |
_aUtracona cześć Katarzyny Blum albo Jak powstaje przemoc i do czego może doprowadzić / _cHeinrich Böll ; przekł. Teresa Jętkiewicz. |
| 246 | 1 |
_iTyt. oryg.: _aVerlorene Ehre der Katharina Blum oder Wie Gewalt entstehen und wohin sie führen kann |
|
| 260 |
_aKraków : _b"Mediasat Poland", _c[2004]. |
||
| 300 |
_a119, [1] s. ; _c22 cm. |
||
| 490 | 1 |
_aKolekcja Gazety Wyborczej : XX wiek ; _v33 |
|
| 500 | _aTyt. oryg.: "Die verlorene Ehre der Katharina Blum oder : Wie Gewalt entstehen und wohin sie führen kann". | ||
| 650 | 9 |
_aPowieść niemiecka _y20 w. |
|
| 700 | 1 |
_aJętkiewicz, Teresa. _eTł. |
|
| 830 | 0 |
_aKolekcja Gazety Wyborczej ; _v33 |
|
| 020 | _a8389651815 | ||
| 020 | _a8497898729 | ||
| 040 | _cBPK | ||
| 041 | 1 |
_apol _hger |
|
| 044 | _aPOL | ||
| 080 | _a821.112.2-3 | ||
| 920 | _a83-89651-81-5 | ||
| 920 | _a84-9789-872-9 | ||
| 942 | _cKS | ||
| 008 | s pl f |000 0 pol | ||
| 999 |
_c55670 _d55670 |
||
| 856 |
_uhttp://koha.tu.koszalin.pl/cgi-bin/koha/opac-detail.pl?biblionumber=55670 _yKatalog online BPK |
||